Statystyki dla Zawodnicy którzy grali w europejskich klubach na mundialu w Katarze

Kliknij tutaj aby rozwiązać quiz!

Ogólne statystyki

  • Ten quiz został rozwiązany 12 razy
  • Średni wynik to 103 z 500

Statystyki odpowiedzi

ReprezentacjaKlubZawodnik% Poprawnych
FrancjaPSGKylian Mbappe
80%
ArgentynaBrightonAlexis Mac Allister
60%
FrancjaWest HamAlphonse Areola
60%
PolskaJuventusArkadiusz Milik
60%
SenegalSalernitanaBoulaye Dia
60%
AngliaArsenalBukayo Saka
60%
DaniaManchester UnitedChristian Eriksen
60%
USAChelseaChristian Pulisic
60%
ArgentynaTottenhamChristian Romero
60%
WaliaFulhamDaniel James
60%
AngliaWest HamDeclan Rice
60%
PolskaWolsfsburg
Jakub Kamiński
60%
FrancjaReal MadrytEduardo Camavinga
60%
ArgentynaAston VillaEmiliano Martinez
60%
HolandiaFC BarcelonaFrenkie de Jong
60%
AngliaManchester UnitedHarry Maguire
60%
FrancjaTottenhamHugo Lloris
60%
FrancjaLiverpoolIbrahima Konate
60%
PolskaSouthamptonJan Bednarek
60%
DaniaAtalantaJoakim Maehle
60%
AngliaManchester CityJohn Stones
60%
PolskaBeneventoKamil Glik
60%
PolskaFC KopenhagaKamil Grabara
60%
PolskaPogoń SzczecinKamil Grosicki
60%
KostarykaPSGKeylor Navas
60%
FrancjaBayernKingsley Coman
60%
AngliaManchester CityKyle Walker
60%
ArgentynaInter MediolanLautaro Martinez
60%
NiemcyBayernLeon Goretzka
60%
NiemcyBayernLeroy Sane
60%
ArgentynaPSGLionel Messi
60%
ArgentynaManchester UnitedLisandro Martinez
60%
HolandiaPSVLuuk de Jong
60%
ArgentynaSevillaMarcos Acuna
60%
HolandiaBayernMatthijs de Ligt
60%
PolskaAston VillaMatty Cash
60%
IranFC PortoMehdi Taremi
60%
EkwadorBrightonMoises Caicedo
60%
HolandiaManchester CityNathan Ake
60%
BrazyliaPSGNeymar
60%
ArgentynaBenficaNicolas Otamendi
60%
PolskaAS RomaNicola Zalewski
60%
AngliaManchester CityPhil Foden
60%
PolskaNapoliPiotr Zieliński
60%
PolskaLensPrzemysław Frankowski
60%
FrancjaEintrachtRandal Kolo Muani
60%
FrancjaManchester UnitedRaphael Varane
60%
PolskaFC BarcelonaRobert Lewandowski
60%
ArgentynaAtletico MadrytRodrigo de Paul
60%
DaniaAC MilanSimon Kjaer
60%
USALilleTimothy Weah
60%
AngliaLiverpoolTrent Alexander-Arnold
60%
HolandiaLiverpoolVirgil van Dijk
60%
PolskaJuventusWojciech Szczęsny
60%
WaliaNiceAaron Ramsey
40%
MarokoPSGAchraf Hakimi
40%
WaliaSheffield UnitedAdam Davies
40%
FrancjaJuventusAdrien Rabiot
40%
BrazyliaLiverpoolAlisson
40%
KanadaBayernAlphonso Davies
40%
BelgiaEvertonAmadou Onana
40%
ChorwacjaHoffenheimAndrej Kramarić
40%
KamerunInter MediolanAndre Onana
40%
FrancjaAtletico MadrytAntoine Griezmann
40%
NiemcyReal MadrytAntonio Rudiger
40%
BrazyliaManchester CityAntony
40%
PolskaLegia WarszawaArtur Jędrzejczyk
40%
FrancjaReal MadrytAurelien Tchouameni
40%
BelgiaAtletico MadrytAxel Witsel
40%
WaliaTottenhamBen Davies
40%
FrancjaBayernBenjamin Pavard
40%
AngliaArsenalBen White
40%
BrazyliaJuventusBremer
40%
USALeeds UnitedBrenden Aaronson
40%
BrazyliaNewcastleBruno Guimaraes
40%
AngliaNewcastleCallum Wilson
40%
PolskaAEK AtenyDamian Szymański
40%
HiszpaniaRB LipskDani Olmo
40%
FrancjaBayernDayot Upamecano
40%
SerbiaJuventusDusan Vlahović
40%
BrazyliaReal MadrytEder Militao
40%
BrazyliaManchester CityEderson
40%
MeksykAjaxEdson Alvarez
40%
ArgentynaBenficaEnzo Fernandez
40%
WaliaSpeziaEthan Ampadu
40%
ArgentynaBayer LeverkusenExequiel Palacios
40%
BrazyliaLiverpoolFabinho
40%
HiszpaniaFC BarcelonaFerran Torres
40%
SerbiaLegia WarszawaFilip Mladenović
40%
BrazyliaManchester UnitedFred
40%
BrazyliaArsenalGabriel Martinelli
40%
USABorussia DortmundGiovanni Reyna
40%
ArgentynaReal BetisGuido Rodriguez
40%
AngliaTottenhamHarry Kane
40%
WaliaFulhamHarry Wilson
40%
MeksykNapoliHirving Lozano
40%
ChorwacjaTottenhamIvan Perisić
40%
AngliaManchester CityJack Grealish
40%
PolskaSpeziaJakub Kiwior
40%
AngliaLeicester CityJames Maddison
40%
DaniaWolfsburgJonas Wind
40%
KanadaLilleJonathan David
40%
AngliaLiverpoolJordan Henderson
40%
AngliaEvertonJordan Pickford
40%
NiemcyBayernJoshua Kimmich
40%
ArgentynaVillarrealJuan Foyth
40%
AngliaBorussia DortmundJude Bellingham
40%
ArgentynaManchester CityJulian Alvarez
40%
AngliaManchester CityKalvin Phillips
40%
DaniaNiceKasper Schmeichel
40%
AngliaNewcastleKieran Trippier
40%
HiszpaniaAtletico MadrytKoke
40%
SenegalAS MonacoKrepin Diatta
40%
PolskaBirminghamKrystian Bielik
40%
PolskaSalernitanaKrzysztof Piątek
40%
USACelta VigoLuca de la Torre
40%
FrancjaBayernLucas Hernandez
40%
ChorwacjaReal MadrytLuka Modrić
40%
PolskaBolognaŁukasz Skorupski
40%
AngliaManchester UnitedLuke Shaw
40%
NiemcyBayernManuel Neuer
40%
AngliaManchester UnitedMarcus Rashford
40%
FrancjaBorussia MonchengladbachMarcus Thuram
40%
DaniaEspanyolMartin Braithwaite
40%
ChorwacjaChelseaMateo Kovacić
40%
PolskaClermontMateusz Wieteska
40%
AustraliaFC KopenhagaMathew Ryan
40%
FrancjaMarsyliaMatteo Guendouzi
40%
PolskaLech PoznańMichał Skóraś
40%
ArgentynaAtletico MadrytNahuel Molina
40%
NiemcyBorussia DortmundNiklas Sule
40%
FrancjaFC BarcelonaOusmane Dembele
40%
ArgentynaAS RpmaPaulo Dybala
40%
HiszpaniaVillarrealPau Torres
40%
EkwadorBayer LeverkusenPiero Hincapie
40%
AngliaChelseaRaheem Sterling
40%
BrazyliaFC BarcelonaRaphinha
40%
PolskaFC AugsburgRobert Gumny
40%
HiszpaniaManchester CityRodri
40%
BrazyliaReal MadrytRodrygo
40%
PolskaFeyenoordSebastian Szymański
40%
NiemcyBayernSerge Gnabry
40%
SerbiaLazioSergej Milinković-Savić
40%
USAAC MilanSergino Dest
40%
HiszpaniaFC BarcelonaSergio Busquets
40%
FrancjaRennesSteve Mandanda
40%
PolskaFiorentinaSzymon Żurkowski
40%
JaponiaReal SociedadTakefusa Kubo
40%
JaponiaAS MonacoTakumi Minamino
40%
FrancjaAC MilanTheo Hernandez
40%
BrazyliaChelseaThiago Silva
40%
NiemcyBayernThomas Muller
40%
USAFulhamTim Ream
40%
USALeeds UnitedTyler Adams
40%
SerbiaTorinoVanja Milinković-Savić
40%
BrazyliaReal MadrytVinicius
40%
USAJuventusWeston McKennie
40%
FrancjaArsenalWilliam Saliba
40%
DaniaRB LipskYussuf Poulsen
40%
AngliaArsenalAaron Ramsdale
20%
HiszpaniaFC BarcelonaAlejandro Balde
20%
BrazyliaSevillaAlex Telles
20%
SenegalRennesAlfred Gomis
20%
MarokoBurnleyAnass Zaroury
20%
DaniaFC BarcelonaAndreas Christensen
20%
DaniaClub BruggeAndreas Skov Olsen
20%
KamerunNapoliAndre Frank Zambo Anguissa
20%
MeksykReal BetisAndres Guardado
20%
HolandiaHeerenveenAndries Noppert
20%
ArgentynaAtletico MadrytAngel Correa
20%
ArgentynaJuventusAngel di Maria
20%
USAFulhamAntonee Robinson
20%
NiemcySouthamptonArmell Bella-Kotchap
20%
FrancjaAS MonacoAxel Disasi
20%
HiszpaniaManchester CityAymeric Laporte
20%
SenegalMarsyliaBamba Dieng
20%
ChorwacjaStuttgartBorna Sosa
20%
WaliaNottingham ForestBrennan Johnson
20%
ChorwacjaDynamo ZagrzebBruno Petković
20%
KamerunBrentfordBryan Mbeumo
20%
HiszpaniaPSGCarlos Soler
20%
BrazyliaManchester UnitedCasemiro
20%
WaliaWimbledonChris Gunter
20%
NiemcyFreiburgChristian Gunter
20%
AngliaChelseaConor Gallagher
20%
JaponiaCelticDaizen Maeda
20%
HolandiaAjaxDaley Blind
20%
HiszpaniaReal MadrytDaniel Carvajal
20%
BrazyliaJuventusDanilo
20%
NiemcyRB LipskDavid Raum
20%
ChorwacjaZenitDejan Lovren
20%
MarokoSevilla
Youssef En-Nesyri
20%
ChorwacjaDynamo ZagrzebDominik Livaković
20%
BelgiaGalatasarayDries Mertens
20%
SerbiaAjaxDusan Tadić
20%
BelgiaReal MadrytEden Hazard
20%
SenegalChelseaEdouard Mendy
20%
TunezjaKolnEllyes Skhiri
20%
HiszpaniaFC BarcelonaEric Garcia
20%
KamerunBayernEric Maxim Choupo-Moting
20%
SerbiaJuventusFilip Kostić
20%
SenegalAmiensFormose Mendy
20%
BrazyliaArsenalGabriel Jesus
20%
HiszpaniaFC BarcelonaGavi
20%
ArgentynaSevillaGonzalo Montiel
20%
MarokoChelseaHakim Ziyech
20%
TunezjaBirminghamHannibal Mejbri
20%
AustraliaStoke CityHarry Souttar
20%
JaponiaStuttgartHiroki Ito
20%
SenegalEvertonIdrissa Gueye
20%
SenegalSheffield UnitedIliman Ndiaye
20%
NiemcyManchester CityIlkay Gundogan
20%
SenegalWatfordIsmaila Sarr
20%
NiemcyBayernJamal Musiala
20%
BelgiaAnderlechtJan Vertonghen
20%
HolandiaBayer LeverkusenJeremie Frimpong
20%
WaliaSwanseaJoe Allen
20%
WaliaRennesJoe Rodon
20%
USABorussia MonchengladbachJoe Scally
20%
WaliaSwindon TownJonny Williams
20%
MeksykAjaxJorge Sanchez
20%
ChorwacjaCelticJosip Juranović
20%
FrancjaFC BarcelonaJules Kounde
20%
JaponiaReimsJunya Ito
20%
HolandiaAjaxJurrien Timber
20%
NiemcyChelseaKai Havertz
20%
SenegalChelseaKalidou Koulibaly
20%
JaponiaBrightonKaoru Mitoma
20%
NiemcyBorussia DortmundKarim Adeyemi
20%
FrancjaReal MadrytKarim Benzema
20%
KamerunLyonKarl Toko Ekambi
20%
DaniaSevillaKasper Dolberg
20%
BelgiaManchester CityKevin de Bruyne
20%
WaliaBournemouthKieffer Moore
20%
JaponiaBorussia MonchengladbachKo Itakura
20%
BelgiaAston VillaLeander Dendoncker
20%
ArgentynaJuventusLeandro Paredes
20%
BelgiaLensLois Openda
20%
ChorwacjaRennesLovro Majer
20%
NiemcyRB LipskLukas Klostermann
20%
NiemcyFC BarcelonaMarc-Andre Ter Stegen
20%
ChorwacjaInter MediolanMarcelo Brozović
20%
HiszpaniaReal MadrytMarco Asensio
20%
HiszpaniaAtletico MadrytMarcos Llorente
20%
NiemcyEintrachtMario Gotze
20%
ChorwacjaAtalantaMario Pasalić
20%
BrazyliaPSGMarquinhos
20%
HolandiaAtalantaMarten de Roon
20%
ChorwacjaSassuoloMartin Erlić
20%
AngliaChelseaMason Mount
20%
DaniaBrentfordMathias Jensen
20%
NiemcyFreiburgMatthias Ginter
20%
USAArsenalMatt Turner
20%
HolandiaFC BarcelonaMemphis Depay
20%
DaniaBrentfordMikkel Damsgaard
20%
ChorwacjaDynamo ZagrzebMislav Orsić
20%
SenegalAnderlechtMoussa N'diaye
20%
SenegalLeicester CityNampalys Mendy
20%
MarokoWest HamNayef Aguerd
20%
WaliaNottingham ForestNeco Williams
20%
SerbiaSevillaNemanja Gudelj
20%
AngliaNewcastleNick Pope
20%
NiemcyWerder BremaNiclas Fullkrug
20%
ArgentynaLyonNicolas Tagliafico
20%
NiemcyBorussia DortmundNico Schlotterbeck
20%
HiszpaniaAthletic BilbaoNico Williams
20%
SerbiaFiorentinaNikola Milenković
20%
HolandiaClub BruggeNoa Lang
20%
DaniaHerthaOliver Christensen
20%
FrancjaAC MilanOlivier Giroud
20%
SenegalMarsyliaPapa Gueye
20%
SenegalTottenhamPape Matar Sarr
20%
ArgentynaSevillaPapu Gomez
20%
HiszpaniaFC BarcelonaPedri
20%
EkwadorBrightonPervis Estupinan
20%
DaniaTottenhamPierre-Emile Hojbjerg
20%
DaniaLeeds UnitedRasmus Kristensen
20%
MeksykWolverhamptonRaul Jimenez
20%
BrazyliaTottenhamRicharlison
20%
HiszpaniaBrightonRobert Sanchez
20%
DaniaHoffenheimRobert Skov
20%
BelgiaInter MediolanRomelu Lukaku
20%
SenegalQueens Park RangersSeny Dieng
20%
MarokoFiorentinaSofyan Amrabat
20%
HolandiaInter MediolanStefan de Vrij
20%
SerbiaGetafeStefan Mitrović
20%
HolandiaAjaxSteven Bergwijn
20%
JaponiaArsenalTakehiro Tomiyasu
20%
JaponiaBochumTakuma Asano
20%
HolandiaAtalantaTeum Koopmeiners
20%
BelgiaReal MadrytThibaut Courtois
20%
NiemcyWest HamThilo Kehrer
20%
BelgiaBorussia DortmundThomas Meunier
20%
BelgiaBorussia DortmundThorgan Hazard
20%
BelgiaLeicester CityTimothy Castagne
20%
HolandiaManchester UnitedTyrell Malacia
20%
HolandiaAntwerpVincent Janssen
20%
TunezjaMontpellierWahbi Khazri
20%
HolandiaBesiktasWout Weghorst
20%
BelgiaAtletico MadrytYannick Carrasco
20%
FrancjaAS MonacoYoussouf Fofana
20%
USAValenciaYunus Musah
20%
AustraliaCelticAaron Mooy
0%
MarokoOsasunaAbde Ezzalzouli
0%
MarokoSampdoriaAbdelhamid Sabiri
0%
SenegalRB LipskAbdou Diallo
0%
MarokoBrestAchraf Dari
0%
TunezjaFerencvarosAissa Laidouni
0%
AustraliaHellas VeronaAjdin Hrustić
0%
DaniaBenficaAlexander Bah
0%
BrazyliaJuventusAlex Sandro
0%
TunezjaCaenAli Abdi
0%
IranCharleroiAli Gholizadeh
0%
IranKayserisporAli Karimi
0%
IranFeyenoordAlireza Jahanbakhsh
0%
IranPonferradinaAmir Abedzade
0%
DaniaFC KopenhagaAndreas Cornelius
0%
SerbiaPAOKAndrija Zivković
0%
EkwadorGenkAngelo Preciado
0%
TunezjaBrondbyAnis Ben Slimane
0%
HiszpaniaFC BarcelonaAnsu Fati
0%
ChorwacjaOsasunaAnte Budimir
0%
JaponiaFortuna DusseldorfAo Tanaka
0%
BelgiaRennesArthur Theate
0%
KanadaBesiktasAtiba Hutchinson
0%
AustraliaCadizAwer Mabil
0%
JaponiaCercle BruggeAyase Ueda
0%
AustraliaDundee UnitedAziz Behich
0%
MarokoAngersAzzedine Ounahi
0%
AustraliaSunderlandBailey Wright
0%
PolskaSampdoriaBartosz Berszyński
0%
WaliaSwanseaBen Cabango
0%
MarokoGenkBilal El Khannous
0%
ChorwacjaRangersBorna Barisić
0%
KostarykaNottingham ForestBrandon Aguilera
0%
USACelticCameron Carter-Vickers
0%
AustraliaHeart of MidlothianCameron Devlin
0%
EkwadorFC AugsburgCarlos Gruezo
0%
HiszpaniaChelseaCesar Azpilicueta
0%
BelgiaAC MilanCharles de Ketelaere
0%
SenegalNottingham ForestCheikhou Kouyate
0%
WaliaBournemouthChris Mepham
0%
DaniaBrentfordChristian Norgaard
0%
KamerunRennesChristopher Wooh
0%
HolandiaPSVCody Gakpo
0%
WaliaBurnleyConnor Roberts
0%
AngliaEvertonConor Coady
0%
KanadaClub BruggeCyle Larin
0%
JaponiaEintrachtDaichi Kamada
0%
JaponiaSint-TruidenDaniel Schmidt
0%
DaniaBrondbyDaniel Wass
0%
WaliaLeicester CityDanny Ward
0%
SerbiaHellas VeronaDarko Lazović
0%
HiszpaniaBrentfordDavid Raya
0%
KanadaSt. JohnstoneDavid Wotherspoon
0%
HolandiaAjaxDavy Klaassen
0%
KanadaPanetolikosDerek Cornelius
0%
ChorwacjaAEK AtenyDomagoj Vida
0%
TunezjaSalernitanaDylan Bronn
0%
WaliaDundee UnitedDylan Levitt
0%
IranAEK AtenyEhsan Hajsafi
0%
JaponiaStrasbourgEiji Kawashima
0%
EkwadorFenerbahceEnner Valencia
0%
KamerunUdineseEnzo Ebosse
0%
AngliaTottenhamEric Dier
0%
USALuton TownEthan Horvath
0%
SenegalAlanyasporFamara Diedhiou
0%
SerbiaSampdoriaFilip Duricić
0%
SenegalAC MilanFode Ballo-Toure
0%
KostarykaKonyasporFrancisco Calvo
0%
AustraliaBresciaFran Karacić
0%
DaniaUnion BerlinFrederik Ronnow
0%
KamerunHannoverGael Ondoua
0%
JaponiaLeganesGaku Shibasaki
0%
KamerunBesiktasGeorges Kevin Nkoudou
0%
MeksykGenkGerardo Arteaga
0%
ArgentynaReal BetisGerman Pezzella
0%
ArgentynaVillarrealGeronimo Rulli
0%
EkwadorReal ValladolidGonzalo Plata
0%
USAAntalyasporHaji Wright
0%
BelgiaClub BruggeHans Vanaken
0%
JaponiaSportingHidemasa Morita
0%
HiszpaniaValenciaHugo Guillamon
0%
KanadaTroyesIke Ugbo
0%
MarokoQueens Park RangersIlias Chair
0%
SenegalAS MonacoIsmail Jakobs
0%
TunezjaOBIssam Jebali
0%
SerbiaHellas VeronaIvan Ilić
0%
ChorwacjaOsijekIvica Ivusić
0%
ChorwacjaAtletico MadrytIvo Grbić
0%
AustraliaSt. PauliJackson Irvine
0%
EkwadorTroyesJackson Porozo
0%
MarokoReal ValladolidJawad El Yamiq
0%
KamerunNantesJean-Charles Castelletto
0%
KamerunYoung BoysJean-Pierre Nsame
0%
DaniaTrabzonsporJens Stryger Larsen
0%
BelgiaRennesJeremy Doku
0%
EkwadorBrightonJeremy Sarmiento
0%
DaniaEintrachtJesper Lindstrom
0%
KostarykaSunderlandJewison Benette
0%
DaniaCrystal PalaceJoachim Andersen
0%
AustraliaOBJoel King
0%
WaliaPortsmouthJoe Morrell
0%
MeksykCremoneseJohan Vasquez
0%
NiemcyBorussia MonchengladbachJonas Hofmann
0%
FrancjaMarsyliaJordan Veretout
0%
HiszpaniaFC BarcelonaJordi Alba
0%
USANorwich CityJosh Sargent
0%
ChorwacjaBayernJosip Stanisić
0%
ChorwacjaDynamo ZagrzebJosip Sutalo
0%
ChorwacjaRB LipskJosko Gvardiol
0%
NiemcyBorussia DortmundJulian Brandt
0%
KanadaReadingJunior Hoilett
0%
HolandiaFeyenoordJustin Bijlow
0%
IranOmoniaKarim Ansarifard
0%
AustraliaSt MirrenKeanu Baccus
0%
HolandiaAjaxKenneth Taylor
0%
NiemcyEintrachtKevin Trapp
0%
BelgiaWolfsburgKoen Casteels
0%
ChorwacjaEintrachtKristijan Jakić
0%
AustraliaHeart of MidlothianKye Rowles
0%
BelgiaBrightonLeandro Trossard
0%
KanadaDeinzeLiam Fraser
0%
KanadaFC BaselLiam Millar
0%
BrazyliaWest HamLucas Paqueta
0%
SerbiaFiorentinaLuka Jović
0%
ChorwacjaRed Bull SalzburgLuka Sucić
0%
IranKayserisporMajid Hoseini
0%
SenegalReadingMamadou Loum
0%
WaliaCardiff CityMark Harris
0%
SerbiaSevillaMarko Dmitrović
0%
SerbiaFC PortoMarko Grujić
0%
ChorwacjaHajduk SplitMarko Livaja
0%
WaliaMilton Keynes DonsMatthew Smith
0%
JaponiaSchalkeMaya Yoshida
0%
BelgiaFenerbahceMichy Batshuayi
0%
IranAEK AtenyMilad Mohammadi
0%
KanadaCrvena ZvezdaMilan Borjan
0%
SerbiaWerder BremaMilos Veljković
0%
TunezjaLuzernMohamed Drager
0%
TunezjaLorientMontassar Talbi
0%
KamerunDynamo MoskwaMoumi Ngamaleu
0%
SenegalPafosMoustapha Name
0%
AustraliaHeart of MidlothianNathaniel Atkinson
0%
SerbiaGetafeNemanja Maksimović
0%
SerbiaTorinoNemanja Radonjić
0%
SenegalVillarrealNicolas Jackson
0%
KamerunArisNicolas Nkoudou
0%
ChorwacjaTorinoNikola Vlasić
0%
MarokoBayernNoussair Mazraoui
0%
KamerunSwanseaOlivier Ntcham
0%
MeksykAEK AtenyOrbelin Pineda
0%
HiszpaniaPSGPablo Sarabia
0%
SenegalOlympiacosPape Abou Cisse
0%
SenegalRayo VallecanoPathe Ciss
0%
KostarykaLugoPatrick Sequeira
0%
KamerunOlympiacosPierre Kunde
0%
SerbiaMallorcaPredrag Rajković
0%
HolandiaAjaxRemko Pasveer
0%
AustraliaMiddlesbroughRiley McGree
0%
JaponiaFreiburgRitsu Doan
0%
MarokoBesiktasRomain Saiss
0%
WaliaCardiff CityRubin Colwill
0%
IranDynamo ZagrzebSadegh Moharrami
0%
IranVejleSaid Ezzatollahi
0%
KanadaHataysporSam Adekugbe
0%
IranBrentfordSaman Ghoddus
0%
KamerunMechelenSamuel Gouet
0%
IranBayer LeverkusenSardar Azmoun
0%
SerbiaTorinoSasa Lukić
0%
MarokoStandard LiegeSelim Amallah
0%
BelgiaClub BruggeSimon Mignolet
0%
KamerunMarsyliaSimon Ngapandouetnbu
0%
MarokoAngersSofiane Boufal
0%
WaliaHuddersfield TownSorba Thomas
0%
SerbiaAlmeriaSrdan Babić
0%
KanadaFC PortoStephen Eustaquio
0%
HolandiaAjaxSteven Berghuis
0%
SerbiaCrvena ZvezdaStrahinja Eraković
0%
SerbiaRed Bull SalzburgStrahinja Pavlović
0%
DaniaSevillaThomas Delaney
0%
BelgiaAntwerpToby Alderweireld
0%
WaliaLuton TownTom Lockyer
0%
HiszpaniaAthletic BilbaoUnai Simon
0%
SerbiaBragaUros Racić
0%
DaniaGalatasarayVictor Nelsson
0%
TunezjaAtromitosWajdi Kechrida
0%
MarokoBariWalid Cheddira
0%
JaponiaStuttgartWataru Endo
0%
WaliaNottingham ForestWayne Hennessey
0%
EkwadorAntwerpWilliam Pacho
0%
BelgiaLeicester CityWout Faes
0%
HolandiaPSVXavi Simons
0%
MarokoSevillaYassine Bounou
0%
HiszpaniaVillarrealYeremi Pino
0%
BelgiaLeicester CityYouri Tielemans
0%
NiemcyBorussia DortmundYoussoufa Moukoko
0%
SenegalReal BetisYoussouf Sabaly
0%
MarokoToulouseZakaria Aboukhlal
0%
BelgiaAnderlechtZeno Debast
0%

Rozkład punktacji

Percentyl według liczby udzielonych odpowiedzi

Procent ludzi z każdym wynikiem

Twoja historia wyników

Nie rozwiązałeś tego quizu